[Event "TCh-FRA Top 12 2014"]
[Site "Saint-Quentin FRA"]
[Date "2014.06.03"]
[Round "11.2"]
[White "Fedorchuk, Sergey A."]
[Black "Baklan, Vladimir"]
[Result "1/2-1/2"]
[WhiteTitle "GM"]
[BlackTitle "GM"]
[WhiteElo "2638"]
[BlackElo "2636"]
[WhiteTeam "Evry Grand Roque"]
[BlackTeam "C.E. Strasbourg"]
[WhiteFideId "14102536"]
[BlackFideId "14102196"]
[EventDate "2014.05.24"]

1. e4 e6 2. d4 d5 3. Nd2 c5 4. exd5 Qxd5 5. dxc5 Nf6 6. Ngf3 Qxc5 7. Bd3 Be7 8.
O-O Nbd7 9. Qe2 O-O 10. Re1 Qc7 11. Nb3 b6 12. Bg5 Bb7 13. Rad1 1/2-1/2

[Event "TCh-FRA Top 12 2014"]
[Site "Saint-Quentin FRA"]
[Date "2014.06.03"]
[Round "11.3"]
[White "Rozentalis, Eduardas"]
[Black "Sochacki, Christophe"]
[Result "1-0"]
[WhiteTitle "GM"]
[BlackTitle "IM"]
[WhiteElo "2618"]
[BlackElo "2449"]
[WhiteTeam "C.E. Strasbourg"]
[BlackTeam "Evry Grand Roque"]
[WhiteFideId "12800023"]
[BlackFideId "662569"]
[EventDate "2014.05.24"]

1. e4 e6 2. d4 d5 3. Nd2 h6 4. Bd3 c5 5. c3 Nc6 6. Ngf3 Nf6 7. e5 Nd7 8. O-O g5
9. dxc5 Bxc5 10. Nb3 Bb6 11. Re1 g4 12. Nfd4 Ncxe5 13. Bb5 Qf6 14. Qe2 Bc7 15.
Nc5 O-O 16. Bxd7 Bxd7 17. Qd2 Bc8 18. Qxh6 Ng6 19. Bg5 Qg7 20. Rad1 a6 21. Ne2
f6 22. Qxg7+ Kxg7 23. Nd4 Re8 24. Rxe6 Bxh2+ 25. Kxh2 Bxe6 26. Ndxe6+ Kf7 27.
Nc7 Rh8+ 28. Kg3 Rac8 29. Bxf6 Rhg8 30. Rxd5 Rxc7 31. Bd4 Ne7 32. Rh5 a5 33. a4
b6 34. Nd3 Rb7 35. Rb5 Ke6 36. Nf4+ Kd7 37. Bf6 Nc8 38. Be5 Kc6 39. Ne6 Re7 40.
Nd4+ Kb7 41. Bf4 Rf7 42. Rd5 Ne7 43. Rh5 Ka6 44. Be3 Rc8 45. Nb5 Nf5+ 46. Rxf5
Rxf5 47. Nd6 Rff8 48. Nxc8 Rxc8 49. Kxg4 b5 50. f4 Rg8+ 51. Kf3 bxa4 52. Bc5 Kb5
53. Ba3 Kc4 54. g4 Kd5 55. g5 Ke6 56. Ke4 Rd8 57. f5+ Kf7 58. c4 Rd2 59. c5 Rg2
60. c6 Rd2 61. Ke5 Rd1 62. g6+ Ke8 63. f6 1-0

[Event "TCh-FRA Top 12 2014"]
[Site "Saint-Quentin FRA"]
[Date "2014.06.03"]
[Round "11.4"]
[White "Relange, Eloi"]
[Black "Vaisser, Anatoly"]
[Result "1/2-1/2"]
[WhiteTitle "GM"]
[BlackTitle "GM"]
[WhiteElo "2466"]
[BlackElo "2531"]
[WhiteTeam "Evry Grand Roque"]
[BlackTeam "C.E. Strasbourg"]
[WhiteFideId "600822"]
[BlackFideId "603252"]
[EventDate "2014.05.24"]

1. d4 d5 2. c4 e6 3. Nf3 Nf6 4. Nc3 Be7 5. Bf4 O-O 6. e3 b6 7. Be2 Bb7 8. O-O c5
9. cxd5 Nxd5 10. Nxd5 Qxd5 11. dxc5 Bxc5 12. Qxd5 Bxd5 13. Ne5 f6 14. Nd3 Be7
15. a3 e5 1/2-1/2

[Event "TCh-FRA Top 12 2014"]
[Site "Saint-Quentin FRA"]
[Date "2014.06.03"]
[Round "11.5"]
[White "Sanikidze, Tornike"]
[Black "Gordon, Stephen J"]
[Result "1/2-1/2"]
[WhiteTitle "GM"]
[BlackTitle "GM"]
[WhiteElo "2514"]
[BlackElo "2493"]
[WhiteTeam "C.E. Strasbourg"]
[BlackTeam "Evry Grand Roque"]
[WhiteFideId "13602608"]
[BlackFideId "411477"]
[EventDate "2014.05.24"]

1. d4 Nf6 2. c4 e6 3. Nf3 b6 4. a3 Bb7 5. Nc3 d5 6. cxd5 Nxd5 7. e3 g6 8. Bb5+
c6 9. Bd3 Bg7 10. O-O O-O 11. Ne4 Qe7 12. Ng3 c5 13. e4 Nc7 14. e5 Bxf3 15. Qxf3
Nd5 16. dxc5 Nd7 17. cxb6 Nxe5 18. Qe2 Nxd3 19. Qxd3 axb6 20. Ne4 Qc7 21. Rb1
Rfc8 22. Rd1 Qc2 23. Kf1 Rc6 24. Qxc2 Rxc2 25. Rd2 Rc4 26. Ng3 Rac8 27. Ne2 b5
28. Rd1 Rc2 29. Rd3 f5 30. Rb3 R8c5 31. Ke1 e5 32. Bd2 e4 33. Rc1 Rxc1+ 34. Bxc1
Kf7 35. Bd2 Ke6 36. Nf4+ Nxf4 37. Bxf4 Bd4 1/2-1/2

[Event "TCh-FRA Top 12 2014"]
[Site "Saint-Quentin FRA"]
[Date "2014.06.03"]
[Round "11.6"]
[White "Moussard, Jules"]
[Black "Vitoux, Colomban"]
[Result "0-1"]
[WhiteTitle "IM"]
[BlackTitle "IM"]
[WhiteElo "2440"]
[BlackElo "2402"]
[WhiteTeam "Evry Grand Roque"]
[BlackTeam "C.E. Strasbourg"]
[WhiteFideId "642908"]
[BlackFideId "628549"]
[EventDate "2014.05.24"]

1. g3 g6 2. Bg2 Bg7 3. Nf3 Nf6 4. O-O O-O 5. d4 d5 6. c4 c6 7. Nc3 dxc4 8. Ne5
Ng4 9. f4 Nxe5 10. dxe5 Qb6+ 11. Kh1 Rd8 12. Qa4 Be6 13. e4 f5 14. Qa3 Bf8 15.
exf5 gxf5 16. Rd1 Na6 17. Bd2 Rd3 18. Be1 Rad8 19. Rxd3 Rxd3 20. Rd1 Qe3 21. Qa4
Nc5 22. Qc2 Rxd1 23. Qxd1 Nd3 24. Ne2 Bd5 25. Qd2 Bxg2+ 26. Kxg2 Qe4+ 27. Kh3
Qf3 28. Nd4 Qf1+ 29. Kh4 Nxe1 0-1

[Event "TCh-FRA Top 12 2014"]
[Site "Saint-Quentin FRA"]
[Date "2014.06.03"]
[Round "11.7"]
[White "Roos, Louis"]
[Black "Milliet, Sophie"]
[Result "0-1"]
[WhiteTitle "IM"]
[BlackTitle "IM"]
[WhiteElo "2351"]
[BlackElo "2393"]
[WhiteTeam "C.E. Strasbourg"]
[BlackTeam "Evry Grand Roque"]
[WhiteFideId "600288"]
[BlackFideId "623725"]
[EventDate "2014.05.24"]

1. d4 Nf6 2. Nf3 c5 3. c3 d5 4. Bf4 e6 5. e3 Nc6 6. Nbd2 Bd6 7. dxc5 Bxc5 8. Bd3
Bd6 9. Bxd6 Qxd6 10. e4 e5 11. O-O Bg4 12. exd5 Qxd5 13. Bc4 Qd6 14. Re1 O-O-O
15. Qe2 Rhe8 16. Ne4 Nxe4 17. Qxe4 f5 18. Qe3 e4 19. Nd4 Nxd4 20. cxd4 Qxd4 21.
Qg3 Qd6 22. Qh4 Qe7 23. Qg3 Qc7 24. Qh4 Kb8 25. Rac1 Qe7 26. Qxe7 Rxe7 27. f3
Bh5 28. Kf2 Rc7 29. Rc3 Rd2+ 30. Re2 Rxe2+ 31. Kxe2 exf3+ 32. gxf3 f4 33. a4 Bg6
34. Kd2 Rc5 35. Be6 Rxc3 36. Kxc3 Kc7 37. Kd4 Kd6 38. Bd5 b6 39. a5 bxa5 40. h4
Bf5 41. Bc4 h6 42. Be2 Ke6 43. Bc4+ Kf6 44. Bb5 g5 45. hxg5+ Kxg5 46. Ke5 h5 47.
Bf1 h4 48. Bg2 h3 49. Bf1 a4 0-1

[Event "TCh-FRA Top 12 2014"]
[Site "Saint-Quentin FRA"]
[Date "2014.06.03"]
[Round "11.8"]
[White "Fargere, Francois"]
[Black "Nicoara, Malina"]
[Result "1-0"]
[WhiteTitle "GM"]
[BlackTitle "WIM"]
[WhiteElo "2407"]
[BlackElo "2108"]
[WhiteTeam "Evry Grand Roque"]
[BlackTeam "C.E. Strasbourg"]
[WhiteFideId "615935"]
[BlackFideId "604631"]
[EventDate "2014.05.24"]

1. e4 c5 2. Nf3 Nc6 3. Bb5 d6 4. d4 cxd4 5. Qxd4 Bd7 6. Bxc6 Bxc6 7. Nc3 Nf6 8.
Bg5 e6 9. O-O-O Be7 10. Qd3 O-O 11. Nd4 Qa5 12. f4 Rfd8 13. Kb1 a6 14. h4 Rac8
15. Qe2 Qc7 16. g4 Rd7 17. f5 e5 18. Nb3 b5 19. Bxf6 Bxf6 20. g5 Be7 21. Rh2 f6
22. g6 h6 23. Qd3 Bf8 24. Rhd2 Ba8 25. Nd5 Qd8 26. Qe3 Rc4 27. Rd3 Rb7 28. Nd2
Rc5 29. Nf1 Qc8 30. Qe2 a5 31. Nfe3 Qb8 32. Rc3 Ra7 33. Rb3 Bc6 34. a3 Qc8 35.
Kc1 b4 36. axb4 axb4 37. Rxb4 Ra2 38. Qd3 Raa5 39. Qb3 Bxd5 40. Rxd5 Rxd5 41.
Nxd5 Kh8 42. Rb8 1-0

[Event "TCh-FRA Top 12 2014"]
[Site "Saint-Quentin FRA"]
[Date "2014.06.03"]
[Round "11.1"]
[White "Swiercz, Dariusz"]
[Black "David, Alberto"]
[Result "1-0"]
[WhiteTitle "GM"]
[BlackTitle "GM"]
[WhiteElo "2608"]
[BlackElo "2579"]
[WhiteTeam "C.E. de Rueil Malmaison"]
[BlackTeam "Les Tours de Haute Picardie"]
[WhiteFideId "1126881"]
[BlackFideId "4000013"]
[EventDate "2014.05.24"]

1. d4 Nf6 2. Bg5 e6 3. e4 h6 4. Bxf6 Qxf6 5. c3 d6 6. Bd3 e5 7. Ne2 g6 8. O-O
Bg7 9. f4 Qe7 10. Nd2 Nc6 11. Nf3 O-O 12. Qd2 Bg4 13. Bc2 exd4 14. cxd4 d5 15.
e5 Qb4 16. Qc3 Qxc3 17. bxc3 Ne7 18. Ng3 f6 19. Nh4 g5 20. Nhf5 Bxf5 21. Nxf5
Nxf5 22. Bxf5 Kf7 23. g3 Rad8 24. Rae1 b6 25. Rf2 Rfe8 26. Rfe2 fxe5 27. dxe5 d4
28. c4 d3 29. Rd2 gxf4 30. gxf4 Rd4 31. Re4 Red8 32. Kf2 c5 33. Ke3 b5 34. Rxd4
Rxd4 35. cxb5 1-0

[Event "TCh-FRA Top 12 2014"]
[Site "Saint-Quentin FRA"]
[Date "2014.06.03"]
[Round "11.2"]
[White "Pelletier, Yannick"]
[Black "Baron, Tal"]
[Result "1/2-1/2"]
[WhiteTitle "GM"]
[BlackTitle "GM"]
[WhiteElo "2577"]
[BlackElo "2515"]
[WhiteTeam "Les Tours de Haute Picardie"]
[BlackTeam "C.E. de Rueil Malmaison"]
[WhiteFideId "1301837"]
[BlackFideId "2809958"]
[EventDate "2014.05.24"]

1. c4 Nf6 2. Nc3 e5 3. g3 d5 4. cxd5 Nxd5 5. Bg2 Nb6 6. Nf3 Nc6 7. O-O Be7 8. a3
O-O 9. b4 Be6 10. d3 f6 11. Bb2 a5 12. b5 Nd4 13. Nd2 Qc8 14. e3 Nf5 15. Qc2 a4
16. Rfc1 Ra5 17. Bf1 Nd6 18. d4 exd4 19. exd4 Bf5 1/2-1/2

[Event "TCh-FRA Top 12 2014"]
[Site "Saint-Quentin FRA"]
[Date "2014.06.03"]
[Round "11.3"]
[White "Williams, Simon K"]
[Black "Bunzmann, Dimitrij"]
[Result "1/2-1/2"]
[WhiteTitle "GM"]
[BlackTitle "GM"]
[WhiteElo "2465"]
[BlackElo "2464"]
[WhiteTeam "C.E. de Rueil Malmaison"]
[BlackTeam "Les Tours de Haute Picardie"]
[WhiteFideId "404454"]
[BlackFideId "4634284"]
[EventDate "2014.05.24"]

1. d4 e6 2. Nf3 d5 3. c4 a6 4. cxd5 exd5 5. Nc3 c6 6. e4 dxe4 7. Ne5 Be6 8. Nxe4
Bb4+ 9. Nc3 Nf6 10. Bg5 h6 11. Bh4 Qa5 12. Qc2 c5 13. Bxf6 gxf6 14. d5 Bxc3+ 15.
bxc3 Bxd5 16. Bc4 Qc7 17. O-O-O Bxc4 18. Nxc4 Qf4+ 19. Qd2 Qxd2+ 20. Rxd2 O-O
21. Nb6 Ra7 22. Re1 a5 23. Re7 Nc6 24. Rc7 Re8 25. f4 Ra6 26. Nd7 Re7 27. Rc8+
Kh7 28. Rd3 Kg6 29. Rd5 Na7 30. Rg8+ Kh7 31. Ra8 Nb5 32. Rxa6 bxa6 1/2-1/2

[Event "TCh-FRA Top 12 2014"]
[Site "Saint-Quentin FRA"]
[Date "2014.06.03"]
[Round "11.4"]
[White "Kveinys, Aloyzas"]
[Black "Renet, Olivier"]
[Result "0-1"]
[WhiteTitle "GM"]
[BlackTitle "GM"]
[WhiteElo "2547"]
[BlackElo "2480"]
[WhiteTeam "Les Tours de Haute Picardie"]
[BlackTeam "C.E. de Rueil Malmaison"]
[WhiteFideId "12800040"]
[BlackFideId "600040"]
[EventDate "2014.05.24"]

1. d4 Nf6 2. c4 g6 3. Nf3 Bg7 4. g3 O-O 5. Bg2 d6 6. O-O Nc6 7. Nc3 a6 8. Re1
Rb8 9. Rb1 Na5 10. b3 b5 11. cxb5 axb5 12. b4 Nc4 13. d5 Bd7 14. Nd4 e6 15. e4
Re8 16. Re2 Qc8 17. dxe6 fxe6 18. Qb3 d5 19. exd5 exd5 20. Bf4 Nh5 21. Bxd5+ Kh8
22. Be3 Nxe3 23. fxe3 Nf6 24. Bg2 Ng4 25. Nc2 c6 26. Ne4 Be6 27. Qd3 Rd8 28. Nd4
Bc4 29. Qc2 Bxe2 30. Qxe2 Nxe3 31. Nb3 Nxg2 32. Kxg2 Qe6 33. h4 Ra8 34. Re1 h6
35. Qc2 Qc4 36. Re2 Re8 37. Nbc5 Qxb4 38. Nb7 Re6 39. h5 Qc4 40. Qxc4 bxc4 41.
Nbc5 Re5 42. hxg6 Rae8 43. Kf3 Rf5+ 0-1

[Event "TCh-FRA Top 12 2014"]
[Site "Saint-Quentin FRA"]
[Date "2014.06.03"]
[Round "11.5"]
[White "Loiseau, Quentin"]
[Black "Eliet, Nicolas"]
[Result "0-1"]
[WhiteTitle "IM"]
[BlackTitle "IM"]
[WhiteElo "2365"]
[BlackElo "2402"]
[WhiteTeam "C.E. de Rueil Malmaison"]
[BlackTeam "Les Tours de Haute Picardie"]
[WhiteFideId "665274"]
[BlackFideId "602302"]
[EventDate "2014.05.24"]

1. d4 d5 2. c4 c6 3. e3 Nf6 4. Bd3 e5 5. Nc3 exd4 6. exd4 Be6 7. c5 b6 8. b4 a5
9. Na4 Nbd7 10. b5 Qc7 11. Ba3 bxc5 12. dxc5 cxb5 13. Bxb5 Be7 14. Nf3 O-O 15.
O-O Rab8 16. Qe2 Rfe8 17. h3 Bf8 18. Qd3 Qf4 19. Qd4 Ne4 20. Rab1 Red8 21. Bc1
Qc7 22. c6 Ndf6 23. Ne5 Bd6 24. f4 Ng3 25. Re1 Nf5 26. Qd3 Bb4 27. Re2 Nd6 28.
g4 Rxb5 29. Be3 Nc4 30. Bd4 Rbb8 31. f5 Bc8 32. Nxc4 dxc4 33. Qxc4 Ba6 34. Qxa6
Rxd4 35. Kg2 Nd5 0-1

[Event "TCh-FRA Top 12 2014"]
[Site "Saint-Quentin FRA"]
[Date "2014.06.03"]
[Round "11.6"]
[White "Cappon, John"]
[Black "Camus de Solliers, Guillaume"]
[Result "0-1"]
[BlackTitle "FM"]
[WhiteElo "2238"]
[BlackElo "2351"]
[WhiteTeam "Les Tours de Haute Picardie"]
[BlackTeam "C.E. de Rueil Malmaison"]
[WhiteFideId "608459"]
[BlackFideId "631256"]
[EventDate "2014.05.24"]

1. e4 e6 2. d4 d5 3. Nc3 Bb4 4. exd5 exd5 5. Bd3 Nc6 6. a3 Bxc3+ 7. bxc3 Nge7 8.
Qh5 Be6 9. Rb1 b6 10. Ne2 Qd7 11. Ng3 O-O-O 12. h3 Na5 13. O-O Nc4 14. a4 Qxa4
15. Bg5 Qd7 16. Qf3 Kb8 17. Ra1 f6 18. Be3 Rdf8 19. Bf4 g5 20. Rxa7 Kxa7 21.
Bxc4 gxf4 22. Ra1+ Kb8 23. Ne2 Ng6 24. Bd3 Rhg8 25. Bxg6 hxg6 26. c4 g5 27. Nc3
c6 28. Na4 Qa7 29. Qa3 Kc7 30. Qe7+ Bd7 31. c5 b5 32. Nb6 Qxa1+ 33. Kh2 Rd8 34.
Qd6+ Kb7 0-1

[Event "TCh-FRA Top 12 2014"]
[Site "Saint-Quentin FRA"]
[Date "2014.06.03"]
[Round "11.7"]
[White "Debray, Christopher"]
[Black "Geenen, Marc"]
[Result "0-1"]
[WhiteTitle "IM"]
[BlackTitle "FM"]
[WhiteElo "2351"]
[BlackElo "2228"]
[WhiteTeam "C.E. de Rueil Malmaison"]
[BlackTeam "Les Tours de Haute Picardie"]
[WhiteFideId "630810"]
[BlackFideId "200085"]
[EventDate "2014.05.24"]

1. d4 d5 2. c4 dxc4 3. Nf3 c5 4. d5 Nf6 5. Nc3 e6 6. e4 exd5 7. e5 Ne4 8. Nxe4
dxe4 9. Qxd8+ Kxd8 10. Ng5 Be6 11. Nxe6+ fxe6 12. Bxc4 Nc6 13. Bf4 Nd4 14. O-O-O
Kc7 15. Rhe1 b5 16. Bf1 Be7 17. Rxe4 a6 18. Be3 Rad8 19. f4 Rd5 20. Bxd4 Rhd8
21. Kc2 cxd4 22. Kd3 Bc5 23. Rc1 Kb6 24. g3 Re8 25. Re2 Bf8 26. Rec2 Rc5 27.
Kxd4 Rec8 28. Rxc5 Rxc5 29. Rxc5 Bxc5+ 30. Ke4 Kc6 31. g4 g6 32. f5 gxf5+ 33.
gxf5 exf5+ 34. Kxf5 Bd4 35. Bg2+ Kd7 36. b4 Bc3 37. Bb7 a5 38. bxa5 Bxa5 39. Ba6
b4 40. Kf6 Bd8+ 41. Kf7 h6 42. Bb5+ Kc7 43. Ke6 Bg5 44. Kf5 Kd8 45. Kg4 Ke7 0-1

[Event "TCh-FRA Top 12 2014"]
[Site "Saint-Quentin FRA"]
[Date "2014.06.03"]
[Round "11.8"]
[White "Benmesbah, Natacha"]
[Black "Congiu, Mathilde"]
[Result "1/2-1/2"]
[WhiteTitle "WIM"]
[BlackTitle "WIM"]
[WhiteElo "2187"]
[BlackElo "2279"]
[WhiteTeam "Les Tours de Haute Picardie"]
[BlackTeam "C.E. de Rueil Malmaison"]
[WhiteFideId "642002"]
[BlackFideId "634581"]
[EventDate "2014.05.24"]

1. e4 c5 2. Nf3 d6 3. Bb5+ Nd7 4. d4 cxd4 5. Qxd4 e5 6. Qd3 a6 7. Bxd7+ Bxd7 8.
O-O h6 9. c4 Nf6 10. Nc3 Be7 11. a4 Rc8 1/2-1/2

[Event "TCh-FRA Top 12 2014"]
[Site "Saint-Quentin FRA"]
[Date "2014.06.03"]
[Round "11.1"]
[White "Volokitin, Andrei"]
[Black "Salgado Lopez, Ivan"]
[Result "0-1"]
[WhiteTitle "GM"]
[BlackTitle "GM"]
[WhiteElo "2638"]
[BlackElo "2627"]
[WhiteTeam "Bischwiller"]
[BlackTeam "L'Echiquier Chalonnais"]
[WhiteFideId "14107090"]
[BlackFideId "2257327"]
[EventDate "2014.05.24"]

1. e4 e6 2. d4 d5 3. e5 c5 4. c3 Nc6 5. Nf3 Qb6 6. Na3 cxd4 7. cxd4 Nh6 8. Nc2
Nf5 9. Bd3 Bd7 10. O-O a5 11. Kh1 Rc8 12. a4 Be7 13. Bd2 O-O 14. g4 Nh6 15. Bxh6
gxh6 16. Qd2 Kg7 17. g5 h5 18. Qe2 Nb4 19. Nxb4 Qxb4 20. b3 Rc3 21. Rfc1 Rfc8
22. Rxc3 Rxc3 23. Bc2 b5 24. axb5 Qxb5 25. Qd1 a4 26. bxa4 Qc4 27. Nd2 Qxd4 28.
Bxh7 Rh3 29. Bc2 Qxf2 30. Nf1 Bc5 0-1

[Event "TCh-FRA Top 12 2014"]
[Site "Saint-Quentin FRA"]
[Date "2014.06.03"]
[Round "11.2"]
[White "Sokolov, Ivan"]
[Black "Edouard, Romain"]
[Result "1/2-1/2"]
[WhiteTitle "GM"]
[BlackTitle "GM"]
[WhiteElo "2650"]
[BlackElo "2692"]
[WhiteTeam "L'Echiquier Chalonnais"]
[BlackTeam "Bischwiller"]
[WhiteFideId "14400030"]
[BlackFideId "633429"]
[EventDate "2014.05.24"]

1. d4 Nf6 2. Nf3 d5 3. c4 e6 4. Nc3 c5 5. cxd5 cxd4 6. Qxd4 exd5 7. e4 Nc6 8.
Bb5 dxe4 9. Bxc6+ bxc6 10. Qxd8+ Kxd8 11. Ng5 Be6 12. Nxe6+ fxe6 13. Bg5 Bb4 14.
O-O-O+ Kc7 15. Bxf6 gxf6 16. Nxe4 f5 17. Nd2 1/2-1/2

[Event "TCh-FRA Top 12 2014"]
[Site "Saint-Quentin FRA"]
[Date "2014.06.03"]
[Round "11.3"]
[White "Ragger, Markus"]
[Black "Krasenkow, Michal"]
[Result "1/2-1/2"]
[WhiteTitle "GM"]
[BlackTitle "GM"]
[WhiteElo "2632"]
[BlackElo "2635"]
[WhiteTeam "Bischwiller"]
[BlackTeam "L'Echiquier Chalonnais"]
[WhiteFideId "1610856"]
[BlackFideId "1113100"]
[EventDate "2014.05.24"]

1. d4 d5 2. c4 e6 3. Nc3 c6 4. e4 Bb4 5. Bd2 Ne7 6. Nf3 Nd7 7. Bd3 dxc4 8. Bxc4
c5 9. a3 cxd4 10. Nxd4 Bc5 11. Be3 O-O 12. O-O Bb6 13. Ba2 Nf6 14. Re1 Ng6 15.
Na4 Nxe4 16. Nxb6 axb6 17. Nb5 Bd7 18. Bc4 Nc5 19. b4 Na4 20. Qb3 Bc6 21. Rad1
Qf6 22. Nd4 Nh4 23. Nxc6 bxc6 24. Bd4 Qg5 25. Bf1 b5 26. Rc1 1/2-1/2

[Event "TCh-FRA Top 12 2014"]
[Site "Saint-Quentin FRA"]
[Date "2014.06.03"]
[Round "11.4"]
[White "Dourerassou, Jonathan"]
[Black "Buhmann, Rainer"]
[Result "0-1"]
[WhiteTitle "IM"]
[BlackTitle "GM"]
[WhiteElo "2502"]
[BlackElo "2579"]
[WhiteTeam "L'Echiquier Chalonnais"]
[BlackTeam "Bischwiller"]
[WhiteFideId "628050"]
[BlackFideId "4651340"]
[EventDate "2014.05.24"]

1. e4 e6 2. d4 d5 3. Nc3 Nf6 4. Bg5 dxe4 5. Nxe4 Nbd7 6. Nf3 Be7 7. Nxf6+ Bxf6
8. h4 O-O 9. Bd3 c5 10. Qe2 cxd4 11. Qe4 Qa5+ 12. b4 Qf5 13. Qxf5 exf5 14. Bxf6
Nxf6 15. Nxd4 Rd8 16. Ne2 Be6 17. a3 g6 18. f3 a5 19. bxa5 Rxa5 20. Kf2 Nd7 21.
Rhb1 Nc5 22. Nf4 Rd7 23. Rb4 Kg7 24. Ke3 Re7 25. Kd2 Rd7 26. Ne2 Kf6 27. Nd4 Bd5
28. Rb6+ Kg7 29. Rb4 Ne6 30. Ke3 Re7 31. Kf2 Nxd4 32. Rxd4 Re8 33. a4 Bc6 34.
Rb1 Rea8 35. Bb5 Bxb5 36. axb5 Ra2 37. Rc4 R8a4 38. Rc7 Rd4 39. Ke3 Rd8 40. b6
Ra3+ 41. c3 h6 42. Rb4 Rd6 43. Rb2 g5 44. hxg5 hxg5 45. Kf2 Rd8 46. c4 Rc3 47.
Ke2 f4 48. c5 Re3+ 49. Kf2 Rd1 50. Rxb7 Ree1 51. Rd2 Rc1 52. Rc7 Rg1 53. b7 Rce1
54. Rxf7+ Kxf7 55. Rd7+ Kg6 56. Rd6+ Kh5 57. g4+ fxg3# 0-1

[Event "TCh-FRA Top 12 2014"]
[Site "Saint-Quentin FRA"]
[Date "2014.06.03"]
[Round "11.5"]
[White "Le Roux, Jean-Pierre"]
[Black "Sebag, Marie"]
[Result "1-0"]
[WhiteTitle "GM"]
[BlackTitle "GM"]
[WhiteElo "2546"]
[BlackElo "2486"]
[WhiteTeam "Bischwiller"]
[BlackTeam "L'Echiquier Chalonnais"]
[WhiteFideId "609404"]
[BlackFideId "617822"]
[EventDate "2014.05.24"]

1. d4 d5 2. Bg5 h6 3. Bh4 c5 4. dxc5 g5 5. Bg3 Bg7 6. c3 Na6 7. e4 dxe4 8. Qxd8+
Kxd8 9. Bxa6 bxa6 10. f3 Bb7 11. Nd2 Rc8 12. O-O-O Rxc5 13. Nxe4+ Rd5 14. Ne2
Kc8 15. Rxd5 Bxd5 16. Nc5 h5 17. Rd1 e6 18. c4 Bc6 19. Nd4 Bxd4 20. Rxd4 Ne7 21.
Rd6 Rd8 22. Rxd8+ Kxd8 23. Be5 g4 24. fxg4 hxg4 25. g3 a5 26. Kd2 Nf5 27. Bf6+
Kc7 28. Kd3 Bg2 29. b3 Nd6 30. Ke3 Ne8 31. Bc3 Kb6 32. Nd3 Bb7 33. Kf4 f5 34.
Ke5 Be4 35. Bd4+ Kc6 36. Nc5 Bb1 37. Nxe6 Bxa2 38. Bxa7 a4 39. bxa4 Bxc4 40.
Nd4+ Kd7 41. Nxf5 Nc7 42. Be3 Nd5 43. Bd2 Ne7 44. Ne3 Be2 45. Kf4 Ng6+ 46. Kf5
Ne7+ 47. Kg5 Nc6 48. Bc3 Ke6 49. Nxg4 Kd5 50. Kf4 Kc4 51. Be1 Nd4 52. Ne5+ Kd5
53. Bc3 Ne6+ 54. Ke3 Ba6 55. Ng6 Kc4 56. Bd2 Nd4 57. g4 Bc8 58. h3 Ne6 59. Ne5+
Kd5 60. Nf3 Nc5 61. a5 Ke6 62. Kf4 Nd3+ 63. Kg3 Kd5 64. h4 Nc5 65. h5 Ne4+ 66.
Kh4 Nf6 67. g5 Ng8 68. g6 Ke4 69. Ng5+ Kf5 70. Nf7 Ba6 71. Bc3 Bd3 72. Nd6+ Ke6
73. Ne8 Kf5 74. Ng7+ Kf4 75. Bd2+ Ke5 76. Kg5 Ne7 77. Ne8 Ke6 78. a6 Nc6 79. Bc3
Kd7 80. h6 Ne7 81. a7 1-0

[Event "TCh-FRA Top 12 2014"]
[Site "Saint-Quentin FRA"]
[Date "2014.06.03"]
[Round "11.6"]
[White "Favarel, Antoine"]
[Black "Netzer, Jean"]
[Result "1-0"]
[WhiteTitle "FM"]
[BlackTitle "IM"]
[WhiteElo "2333"]
[BlackElo "2402"]
[WhiteTeam "L'Echiquier Chalonnais"]
[BlackTeam "Bischwiller"]
[WhiteFideId "642371"]
[BlackFideId "623350"]
[EventDate "2014.05.24"]

1. d4 d5 2. c4 dxc4 3. Nf3 Nf6 4. e3 e6 5. Bxc4 c5 6. O-O a6 7. Bb3 Nc6 8. Nc3
b5 9. Qe2 Na5 10. Rd1 Bb7 11. e4 Qc7 12. e5 Nxb3 13. axb3 Nd5 14. Ne4 cxd4 15.
Bg5 Rc8 16. Rac1 Qd7 17. Rxc8+ Qxc8 18. Nxd4 Qd7 19. Nc2 Qc7 20. Ne3 Qxe5 21.
Ng4 Qf5 22. Rxd5 Bxd5 23. Qc2 Kd7 24. Ngf6+ gxf6 25. Nxf6+ Qxf6 26. Bxf6 Rg8 27.
g3 Rg6 28. Be5 Bd6 29. Bxd6 Kxd6 30. Qc8 f5 31. b4 Rg4 32. Qxa6+ Bc6 33. f4 h5
34. Qb6 h4 35. Qd8+ Bd7 36. Qf8+ Kc7 37. Kf2 hxg3+ 38. hxg3 Rg6 39. Qf7 Rh6 40.
Ke3 Rh1 41. Kd4 Re1 42. Qe7 Re4+ 43. Kd3 Rc4 44. b3 Rc1 45. Kd4 Rc2 46. Ke5 Rd2
47. Qc5+ Kb7 48. Kf6 Rd5 49. Qc3 Bc8 50. Ke7 Rd7+ 51. Ke8 Rd5 52. Qg7+ Kc6 53.
Qa7 Bb7 54. Ke7 e5 55. Kf6 exf4 56. gxf4 Bc8 57. Qa8+ Bb7 58. Qe8+ Kc7 59. Ke6
Bc6 60. Qe7+ Kb8 61. Qf7 Kc8 62. Qa7 Rd8 63. Kxf5 Re8 64. Kf6 Bd7 65. Qc5+ Kd8
66. f5 Re1 67. Kg7 Rf1 68. f6 Rf4 69. Qe7+ Kc8 70. f7 1-0

[Event "TCh-FRA Top 12 2014"]
[Site "Saint-Quentin FRA"]
[Date "2014.06.03"]
[Round "11.7"]
[White "Kosten, Anthony C."]
[Black "Velten, Paul"]
[Result "1-0"]
[WhiteTitle "GM"]
[BlackTitle "IM"]
[WhiteElo "2455"]
[BlackElo "2429"]
[WhiteTeam "Bischwiller"]
[BlackTeam "L'Echiquier Chalonnais"]
[WhiteFideId "400114"]
[BlackFideId "681091"]
[EventDate "2014.05.24"]

1. c4 e5 2. g3 Nc6 3. Bg2 Nf6 4. Nc3 Bc5 5. a3 a5 6. e3 d6 7. Nge2 O-O 8. O-O
Bf5 9. d4 Ba7 10. h3 h6 11. Kh2 Re8 12. b3 exd4 13. exd4 Ne4 14. Be3 Nb8 15.
Nxe4 Bxe4 16. Bxe4 Rxe4 17. Nc3 Re7 18. Qg4 Re6 19. d5 Rg6 20. Qe4 Bxe3 21. Qxe3
Nd7 22. Rae1 f5 23. Ne2 Rf6 24. Nf4 Nf8 25. Re2 Qd7 26. Rfe1 Rf7 27. Qc3 b6 28.
Re3 Kh7 29. Ne6 Ng6 30. f4 Rg8 31. Qc2 Kh8 32. Qe2 Rf6 33. Nd4 Rf7 34. Qh5 Rf6
35. h4 Qf7 36. Qe2 Rc8 37. h5 Nf8 38. Re7 Qg8 39. Qd3 g5 40. Nxf5 gxf4 41. Rg7 1-0